|
|
|
|
| LEADER |
01431nab#a2200517#ar4500 |
| 001 |
000124619 |
| 003 |
SVKKK |
| 005 |
20181205104628.0 |
| 008 |
130506c2018 xo |||||||||||||||b|slo |
| FMT |
|
|
|
| 015 |
|
|
|a SNBRB2018/12
|
| 038 |
|
|
|a SVKKK
|
| 040 |
|
|
|a SVKKK
|b slo
|e AACR2
|
| 041 |
0 |
|
|a slo
|
| 044 |
|
|
|a xo
|c SK
|
| 080 |
|
|
|a 796.51
|x (437.6)
|2 2011
|
| 080 |
|
|
|a 929:821.162.4
|x (437.6)
|2 2011
|
| 080 |
|
|
|a 904
|x (437.6)
|2 2011
|
| 100 |
1 |
|
|a Rezník, Jaroslav
|4 aut
|
| 245 |
1 |
0 |
|a Z Nitry do Trnavy
|n (3)
|c Jaroslav Rezník ; Róbert Kollár, Ján Lacika, Jozef Štefunko
|
| 300 |
|
|
|b Fotogr.
|
| 648 |
0 |
4 |
|a 19.-20. stor.
|
| 650 |
0 |
4 |
|a slovenské mestá
|
| 650 |
0 |
4 |
|a slovenské osobnosti
|
| 650 |
0 |
4 |
|a kultúrne pamiatky
|
| 650 |
0 |
4 |
|a turistika
|
| 650 |
0 |
4 |
|a dejiny
|
| 651 |
|
4 |
|a Opoj (Slovensko)
|
| 651 |
|
4 |
|a Majcichov (Slovensko)
|
| 651 |
|
4 |
|a Hoste (Slovensko)
|
| 651 |
|
4 |
|a Voderady (Slovensko)
|
| 651 |
|
4 |
|a Košúty (Slovensko)
|
| 651 |
|
4 |
|a Kráľová pri Senci (Slovensko)
|
| 655 |
|
4 |
|a biografie
|
| 700 |
1 |
|
|a Kollár, Róbert
|4 pht
|
| 700 |
1 |
|
|a Lacika, Ján
|4 pht
|
| 700 |
1 |
|
|a Štefunko, Jozef
|4 pht
|
| 773 |
0 |
|
|t Krásy Slovenska
|g Roč. 95, č. 9-10 (2018), s. 24-27
|x 0323-0643
|
| 958 |
|
|
|a BX
|
| 974 |
|
|
|a MI
|
| 992 |
|
|
|a RBX
|
| BAS |
|
|
|
| 852 |
|
|
|a SVKKK
|b BIB
|
| 856 |
4 |
1 |
|u http://www.krasy-slovenska.eu/articles/view/2193/Na%20Trnavskej%20rovine
|
| EXP |
|
|
|
| 998 |
|
|
|a SLO
|